Návrh optimálnej poistnej ochrany vybraného podnikateľského subjektu diplomová práca

Gespeichert in:
Bibliographische Detailangaben
1. Verfasser: Guziová, Nikoleta
Körperschaft: Podnikovohospodárska fakulta EU so sídlom v Košiciach. Katedra ekonómie
Weitere Verfasser: Meheš, Marek
Format: Buch
Sprache:Slowakisch
Veröffentlicht: Košice 2017
Tags: Tag hinzufügen
Keine Tags, Fügen Sie das erste Tag hinzu!

MARC

LEADER 00000nbm a2200000 4500
001 0231577
005 20240827092652.5
041 0 |a slo 
044 |a SK 
245 1 0 |a Návrh optimálnej poistnej ochrany vybraného podnikateľského subjektu  |b diplomová práca  |c Nikoleta Guziová ; školiteľ: Marek Meheš 
264 1 |a Košice  |c 2017 
300 |a 71 s. 
100 1 |a Guziová, Nikoleta 
700 1 |a Meheš, Marek 
710 2 |a Podnikovohospodárska fakulta EU so sídlom v Košiciach. Katedra ekonómie